000 00333pam a2200157a 44500
008 230515b2009 xxu||||| |||| 00| 0 eng d
020 _aNULL
041 _aENGLISH
082 _a621.317 FEN
100 _aFENICAL LES
245 _aCONTROL SYSTEMS
250 _a1
260 _aNULL
_bNA
_c2009
300 _a393
650 _aNULL
999 _c640277
_d640277